00896cam a2200205 a 450000100100000000500170001000800410002702000150006804000250008308200190010824500410012726001040016830000280027250400420030065000510034265100730039371000840046695201230055099900170067300001302620200929163127.0920127m19961997cl a s i000 0 spa d a9213214480 aDO-SdBNPbspacBNPHU a362.5098bP19500aPanorama social de América Latina. aSantiago, Chile :bNaciones Unidas ;bComisión Economica para America Latina y el Caribe.,c1996. a218 p. :bil. ;c27 cm. aIncluye bibliografía: p. [219-226]. 4aTrabajo socialzAmérica Latinay1982-930076 4aAmérica LatinaxCondiciones Socialesy1982-vESTADÍSTICAS9300772 aUnited Nations.bEconomic Commission for Latin America and the Caribbean.94091 001054708MOaGRbGRcCTd2009-11-19iLF1l0o362.5098 P195p13026-10r2020-06-25w2020-06-25y4ZPréstamo en sala c12672d12672